000
00290nam a22001337a 4500
008
170221b xxu||||| |||| 00| 0 eng d
020
_a
9781582550671
041
_a
eng
080
_2
21ST
_a
615
100
_a
5
101
_a
SHF
245
_a
DRUG HANDBOOK
_c
CARPENTER, D.O
942
_2
udc
_c
BK
999
_c
5918
_d
5918